000 00864nam a2200253Ia 4500
003 OSt
005 20221005103013.0
006 a|||||r|||| 00| 0
007 ta
008 221004b |||||||| |||| 00| 0 hin d
024 _a32362
037 _cTextual
040 _aCRL
_cCRL
_bhin
041 _2hin
_ahin
082 _aO152,1J32,3, L3
100 _aतुलसीदास
245 0 _aकवितावली संपादक सुधाकर पाण्डेय
246 _aKavitāvalī sanpādak sudhākar pāṇḍeya
260 _aइलाहाबाद
_bलोकभारती प्रकाशन भारत
_c1973
300 _a209पृ.
_ccm.
650 _aहिन्दी साहित्य
942 _hO152,1J32,3, L3
_cTEXL
_2cc
999 _c1009276
_d1009276